000 00569nam a2200217Ia 4500
003 OSt
005 20220928144600.0
006 a|||||r|||| 00| 0
007 ta
008 220927b |||||||| |||| 00| 0 eng d
024 _a72233
037 _cTextual
040 _aSDCL
_cSDCL
_beng
041 _2eng
_aeng
082 _aWv, M1
100 _aDallmayr Fred R
_9500800
245 0 _aBeyond Dogma and despair
_b Toward a critical phenomenology of politics.
260 _c1981
942 _hWv, M1
_cTEXL
_2CC
999 _c828289
_d828289